|
|
|
|
| LEADER |
00000nam1a2200000 4500 |
| 001 |
103932 |
| 005 |
20231031113815.0 |
| 010 |
|
|
|a 5247007948
|
| 020 |
|
|
|a RU
|b 89-17686
|
| 035 |
|
|
|a (RuTPU)RU\TPU\book\112038
|
| 090 |
|
|
|a 103932
|
| 100 |
|
|
|a 20061024d1989 km y0rusy5003 ca
|
| 101 |
0 |
|
|a rus
|
| 200 |
1 |
|
|a Нефтегазоносность рифов Мирового океана
|f М. М. Грачевский, А. С. Кравчук
|
| 210 |
|
|
|a Москва
|c Недра
|d 1989
|
| 215 |
|
|
|a 187,[2] с.
|c ил.
|
| 320 |
|
|
|a Библиогр.: с. 186-188 (50 назв.)
|
| 610 |
1 |
|
|a рифы ископаемые
|
| 610 |
1 |
|
|a газоносность
|
| 610 |
1 |
|
|a Мировой Океан
|
| 610 |
1 |
|
|a нефтегазоносность
|
| 610 |
1 |
|
|a Индийский Океан
|
| 610 |
1 |
|
|a Тихий океан
|
| 610 |
1 |
|
|a Атлантический океан
|
| 610 |
1 |
|
|a Северный Ледовитый океан
|
| 610 |
1 |
|
|a моря
|
| 675 |
|
|
|a 553.98(26)
|z rus
|
| 700 |
|
1 |
|a Грачевский
|b М. М.
|g Марк Маркович
|4 070
|
| 701 |
|
1 |
|a Кравчук
|b А. С.
|g Александра Сергеевна
|4 070
|
| 801 |
|
0 |
|a RU
|b RuMRKP
|c 19950417
|g psbo
|
| 801 |
|
1 |
|a RU
|b 63413507
|c 20061024
|g PSBO
|
| 801 |
|
2 |
|a RU
|b 63413507
|c 20071110
|g PSBO
|
| 942 |
|
|
|c BK
|